Zdravotne uvedomelé spotrebiteľské správanie: Vplyv nutričných hodnôt na zdravie
Preskúmanie vnímania nutričných hodnôt v kontexte zdravia u slovenských spotrebiteľov. Použitie prieskumu na skúmanie nutričných hodnôt a ich vplyvu na zdravie. Skúmanie rozdielov na základe demografických odlišností.
Salvato in:
| Autore principale: | |
|---|---|
| Natura: | Capitolo di libro |
| Lingua: | slovacco |
| Soggetti: | |
| Tags: |
Nessun Tag, puoi essere il primo ad aggiungerne!!
|
MARC
| LEADER | 00000naa$a2200000$$$4500 | ||
|---|---|---|---|
| 001 | 0251164 | ||
| 005 | 20240502074028.8 | ||
| 041 | 0 | |a slo | |
| 044 | |a SK | ||
| 245 | 1 | 0 | |a Zdravotne uvedomelé spotrebiteľské správanie: Vplyv nutričných hodnôt na zdravie |c Marián Čvirik |
| 520 | |a Preskúmanie vnímania nutričných hodnôt v kontexte zdravia u slovenských spotrebiteľov. Použitie prieskumu na skúmanie nutričných hodnôt a ich vplyvu na zdravie. Skúmanie rozdielov na základe demografických odlišností. | ||
| 610 | 2 | 0 | |a zdravie |
| 610 | 2 | 0 | |a správanie spotrebiteľa |
| 610 | 2 | 0 | |a prevencia |
| 610 | 2 | 0 | |a analýza kvalitatívna |
| 100 | 1 | |a Čvirik, Marián, 1992- | |